MARC

LEADER 00000nam0a2200000 4500
001 292330
005 20231102000502.0
035 |a (RuTPU)RU\TPU\book\316945 
090 |a 292330 
100 |a 20150421d1975 k y0rusy50 ca 
101 0 |a rus 
102 |a RU 
105 |a a z 001zy 
200 1 |a Технологическое обеспечение качества продукции в машиностроении (активный контроль)  |f под ред. Г. Д. Бурдуна, С. С. Волосова 
210 |a Москва  |c Машиностроение  |d 1975 
215 |a 279 с.  |c ил. 
320 |a Библиогр.: с. 275-277. 
606 1 |a Машиностроение  |x Технический контроль  |2 stltpush  |3 (RuTPU)RU\TPU\subj\41427  |9 61218 
610 1 |a качество 
610 1 |a продукция 
610 1 |a машиностроительная продукция 
610 1 |a технологическое обеспечение 
610 1 |a активный контроль 
610 1 |a детали 
610 1 |a станки с ЧПУ 
610 1 |a зубчатые колеса 
675 |a 621.002:658.562  |v 3 
702 1 |a Бурдун  |b Г. Д.  |g Григорий Дмитриевич  |4 340 
702 1 |a Волосов  |b С. С.  |4 340 
801 1 |a RU  |b 63413507  |c 20150421 
801 2 |a RU  |b 63413507  |c 20190618  |g RCR 
942 |c BK